Countries by 3 words - Statistics

General Stats
  • This quiz has been taken 23 times
  • The average score is 26 of 30
Answer Stats
Hint Country % Correct
19) Pyramids, Pharaohs, Bronze Age Egypt
100%
24) BMW, Autobahn, Oktoberfest Germany
95%
7) Tequila, Cancun, Mariachi Mexico
95%
5) Xhosa, Table Mtn, Cape Town South Africa
95%
29) IKEA, Volvo, Gothenberg Sweden
95%
26) Down Under, Qantas, Outback Australia
90%
25) Alps, Mozart, Sound of Music Austria
90%
14) Lapland, saunas, Suomi Finland
90%
18) Democracy, Parthenon, Olympus Greece
90%
3) Everest, Himalayas, Kathmandu Nepal
90%
30) Tulips, Van Gogh, Anne Frank Netherlands
90%
11) Alps, Toblerone, Matterhorn Switzerland
90%
9) Rihanna, Caribbean, Bridgetown Barbados
86%
28) NovoNordisk, Legoland, Jutland Denmark
86%
13) Bjork, geothermal, volcanoes Iceland
86%
23) Emerald Isle, Celtic, Blarney Ireland
86%
8) Bob Marley, bobsled, Rastafari Jamaica
86%
4) Genghis Khan, Nomads, Steppe Mongolia
86%
16) Canal, Central America, Balboa Panama
86%
22) Incas, Cuzco, South America Peru
86%
27) KIA, Samsung, Busan South Korea
86%
20) Kilimanjaro, Serengeti, Zanzibar Tanzania
86%
17) Borscht, Kharkiv, Chernobyl Ukraine
86%
6) Lululemon, Tim Hortons, hockey Canada
81%
15) Kielbasa, Voivodeship, Zloty Poland
81%
1) Skoda, Praha, Koruna Czech Republic
76%
2) Caucus, Tbilisi, Sakartvelo Georgia
71%
12) City state, SE Asia, Marina Bay Sands Singapore
71%
21) Islands, Praia, Portuguese Cape Verde
67%
10) Slovensko, Danube, Trencin Slovakia
67%
No matching quizzes found
Score Distribution
Percent of People with Each Score
Percentile by Number Answered
Your Score History
You have not taken this quiz